000 00675nam a22001937a 4500
005 20100806151634.0
010 _aENG-98570
020 _a8185517825
_c80.00
035 _aEN-82103
037 _bDBAD/PUB
082 _a535.84
100 _aNilavazhagan,S
_97919
245 _aFundamentals of spectroscopy /
_cBy S Nilavazhagan
260 _aTamil Nadu
_bPalani Paramount Publications
_c2008
270 _a57, Anna Nagar Palani
_bTamil Nadu
_e624602
300 _a96p
_c20cm(pbk)
942 _2ddc
_cEN
_h535.84
_mNIL
999 _c39853
_d39853